| 000 | 01472nam a22003857a 4500 | ||
|---|---|---|---|
| 003 | CHAP | ||
| 005 | 20220817044258.0 | ||
| 008 | 090701s2008 it ab rn 00010 spa d | ||
| 010 | _a96449 | ||
| 011 | _a97421 | ||
| 020 | _a9789253061150 | ||
| 035 | _a108089 | ||
| 040 | _cCHAP | ||
| 082 | 0 | 4 |
_a639.2 _bF62 v.12 |
| 110 | 2 | _aFAO | |
| 245 | 1 | 0 |
_aEstado actual del cultivo y manejo de moluscos bivalvos y su proyección futura : _bfactores que afectan su sustentabilidad en America Latina. Taller técnico regional de la fao, 20-24 de agosto de 2007, Puerto Montt, Chile _c/editado por Alessandro Lovatelli, Ana Farías e Iker Uriarte |
| 260 |
_aRoma : _bFAO, _c2008 |
||
| 300 |
_axiv, 359 p. : _bilus., gráfs., mapas |
||
| 490 | 0 |
_aFisheries proceedings _v; 12 |
|
| 590 |
_aBATCH-UPD _b10 _c20130110 _lUCH01 _h0413 |
||
| 590 |
_aBATCH-UPD _b10 _c20130110 _lUCH01 _h2024 |
||
| 590 |
_aBATCH-UPD _b10 _c20130410 _lUCH01 _h0048 |
||
| 590 |
_aBATCH-UPD _b10 _c20130914 _lUCH01 _h1353 |
||
| 590 |
_aCONVERSION _b10 _c20130109 _lUCH01 _h1353 |
||
| 650 | 1 | 4 |
_aAcuicultura. _9758 |
| 650 | 1 | 4 |
_aMoluscos. _977447 |
| 650 | 1 | 4 |
_aProteínas en nutrición animal. _992454 |
| 700 | 0 |
_aLovatelli, Alessandro _e, ed. _968642 |
|
| 700 | 1 |
_aFarías, Ana _e, ed. _939791 |
|
| 700 | 1 |
_aUriarte, Iker _e, ed. _9116907 |
|
| 830 | 0 | 0 |
_aFisheries proceedings _v; 12 _941120 |
| 901 | _aBK | ||
| 942 | _cLIBRO | ||
| 949 |
_a639.62 F62 v.12 _bBC _cFAO _d33724002065371 _eFAO1 _gDonaciØn _h110750 _i108089 _sb |
||
| 999 |
_c96449 _d96449 |
||